Countries with Five Guys - Statistics

General Stats
  • This quiz has been taken 24 times
  • The average score is 18 of 21
Answer Stats
Continent Country % Correct
Oceania Australia
100%
North America Canada
100%
Asia China
100%
Europe France
100%
Europe Italy
100%
Europe Austria
95%
Europe Germany
95%
Europe Spain
95%
Europe United Kingdom
95%
North America United States of America
95%
Europe Belgium
90%
Europe Switzerland
90%
Europe Ireland
86%
Europe Netherlands
76%
Asia Saudi Arabia
76%
Asia Qatar
71%
Asia Singapore
71%
Asia United Arab Emirates
71%
Europe Luxembourg
62%
Asia Kuwait
57%
Asia Malaysia
52%
No matching quizzes found
Score Distribution
Percent of People with Each Score
Percentile by Number Answered
Your Score History
You have not taken this quiz